Detalles MARC
| 000 -LIDER |
| fixed length control field |
01616nam a2200337 a 4500 |
| 001 - NÚMERO DE CONTROL |
| Identificador de número de control |
00156 |
| 003 - IDENTIFICACDOR DE NÚMERO DE CONTROL |
| control field |
DO-SdBNP |
| 005 - DATE AND TIME OF LATEST TRANSACTION |
| control field |
20160425105904.0 |
| 007 - CAMPOS FIJOS DE DESCRIPCIÓN FÍSICA |
| fixed length control field |
00156 |
| 008 - ELEMENTOS DE LONGITUD FIJA |
| fixed length control field |
150130s2008 dr 2008 000 0 spa d |
| 040 ## - FUENTE DE CATALOGACIÓN |
| Agencia que crea de manera original el registro |
BPMSU |
| Idioma de catalogación |
spa |
| Agencia que realiza la transcripción |
BPMSU |
| 092 ## - LOCALLY ASSIGNED DEWEY DECIMAL CALL NUMBER |
| Número de clasificación |
372.7 |
| Número de ítem (Cutter) |
M425g 5to. 2008 |
| 245 00 - MENCIÓN DE TITULO |
| Título |
Matemática 5: |
| Subtítulo |
guías para el aprendizaje / |
| Mención de responsabilidad |
Margarita Luciano...[et al.] |
| 260 ## - PUBLICACIÓN, DISTRIBUCIÓN, ETC. (PIE DE IMPRENTA) |
| Lugar de publicación, distribución, etc |
Santo Domingo : |
| Nombre del editor, distribuidor, etc. |
Secretaría de Estado de Educación, |
| Fecha de publicación, distribución, etc |
2008 |
| 300 ## - DESCRIPCIÓN FÍSICA |
| Extensión |
321 p. : |
| Otros detalles físicos |
il., retrs. ; |
| Dimensiones |
28 cm. |
| 490 1# - MENCIÓN DE SERIES |
| Mención de serie |
Escuela multigrado innovada |
| 505 1# - NOTA DE CONTENIDO |
| Información miscelánea |
unidad 1 -- |
| Título |
Leemos, escribimos y operamos con números naturales -- |
| Información miscelánea |
unidad 2 -- |
| Título |
Realizamos otras operaciones con números naturales -- |
| Información miscelánea |
unidad 3 -- |
| Título |
Comparamos, ordenamos y operamos números fraccionarios -- |
| Información miscelánea |
unidad 4 -- |
| Título |
Conocemos y aplicamos los números decimales -- |
| Información miscelánea |
unidad 5 -- |
| Título |
Razones, proporciones y porcentajes -- |
| Información miscelánea |
unidad 6 -- |
| Título |
Identificamos la geometría en la vida -- |
| Información miscelánea |
unidad 7 -- |
| Título |
Mediciones -- |
| Información miscelánea |
unidad 8 -- |
| Título |
Organizamos y analizamos datos -- |
| 650 #4 - ENCABEZAMIENTO DE MATERIA--TEMÁTICO |
| Término temático o nombre geográfico como elemento de entrada |
MATEMÁTICAS |
| Subdivisión temática general |
ENSEÑANZA BÁSICA |
| 650 #4 - ENCABEZAMIENTO DE MATERIA--TEMÁTICO |
| Término temático o nombre geográfico como elemento de entrada |
MATEMÁTICAS |
| Subdivisión temática general |
EDUCACIÓN PRIMARIA |
| 650 #4 - ENCABEZAMIENTO DE MATERIA--TEMÁTICO |
| Término temático o nombre geográfico como elemento de entrada |
MATEMÁTICAS |
| Subdivisión temática general |
ESTUDIOS Y EJERCÍCIOS |
| 650 #4 - ENCABEZAMIENTO DE MATERIA--TEMÁTICO |
| Término temático o nombre geográfico como elemento de entrada |
MATEMÁTICAS |
| Subdivisión temática general |
LIBROS DE TEXTOS |
| 700 12 - ASIENTO SECUNDARIO -- NOMBRE PERSONAL |
| Nombre personal |
Luciano, Margarita |
| 830 #0 - ASIENTO SECUNDARIO DE SERIE--TÍTULO UNIFORME |
| Título uniforme |
Escuela multigrado innovada |
| 910 ## - VALIDACIÓN |
| Validación |
Validado. Control de calidad MFF |
| 930 #1 - EQUIVALENCE OR CROSS-REFERENCE-UNIFORM TITLE HEADING [LOCAL, CANADA] |
| Language of a work |
BND01 |
| Medium of performance for music |
LF1 |
| Field link and sequence number |
20091113 |
| Date of a work |
01 |
| Name of part/section of a work |
HD |
| Miscellaneous information |
7441 |
| 930 #1 - EQUIVALENCE OR CROSS-REFERENCE-UNIFORM TITLE HEADING [LOCAL, CANADA] |
| Language of a work |
BND01 |
| Medium of performance for music |
LF1 |
| Field link and sequence number |
20091113 |
| Date of a work |
01 |
| Name of part/section of a work |
HD |
| Miscellaneous information |
7441 |
| 942 ## - ADDED ENTRY ELEMENTS (KOHA) |
| Source of classification or shelving scheme |
Dewey Decimal Classification |
| Koha item type |
Libros |
| 956 ## - LOCAL ELECTRONIC LOCATION AND ACCESS (OCLC) |
| Nombre de host |
YLOCKWARD |
| Número de acceso |
10 |
| Información de compresión |
20150720 |
| Inicio de sesión |
BND01 |
| Procesador de solicitud |
1554 |
| 956 ## - LOCAL ELECTRONIC LOCATION AND ACCESS (OCLC) |
| Nombre de host |
VMATEO |
| Número de acceso |
10 |
| Información de compresión |
20150721 |
| Inicio de sesión |
BMPSU |
| Procesador de solicitud |
00151 |
| 956 ## - LOCAL ELECTRONIC LOCATION AND ACCESS (OCLC) |
| Nombre de host |
BTAVÁREZ |
| Número de acceso |
10 |
| Información de compresión |
20160407 |
| Inicio de sesión |
BPMSU |
| Procesador de solicitud |
00156 |